Normal view
MARC view
Entry Personal Name
001 - CONTROL NUMBER
- control field: 18147
003 - CONTROL NUMBER IDENTIFIER
- control field: BD-RjUL
005 - DATE AND TIME OF LATEST TRANSACTION
- control field: 20260419110230.0
008 - FIXED-LENGTH DATA ELEMENTS
- fixed length control field: 260419|| aca||aabn | a|a d
040 ## - CATALOGING SOURCE
- Original cataloging agency: BD-RjUL
- Transcribing agency: BD-RjUL
100 ## - HEADING--PERSONAL NAME
- Fuller form of name:
670 ## - SOURCE DATA FOUND
- Source citation: Work cat.: (BD-RjUL)86369: Saifiullah, Md. 18142, Prisoners' Rights in Pre-Trail stage : , 2025